00221nam a2200073 45000820008000002450061000082600067000693000011001360 a37411aHandbook for adult learning materials at community level aTokyobAsia/ Pacific Cultural Centre for UNESCO (ACCU)cc.2001 a116 p.